000 00359nam a2200133Ia 4500
008 230312s9999||||xx |||||||||||||| ||und||
082 _a629.132
_bHEL-A
100 _aM.Haufe
245 0 _aHelicopter Flight Transmission System:P/66-B1.3/002(P-3)
260 _bPerth College
_c2007
300 _a14
650 _aAviation
_vEngineering/Technology
942 _cBK
999 _c12910
_d12910